Т. 84, вып. 9; Журнал общей химии

Бібліографічні деталі
Parent link:Журнал общей химии/ Российская академия наук (РАН) ; Отделение химии и наук о материалах РАН. Т. 84, вып. 9.— , 1931-
Мова:Російська
Опубліковано: 2014
Формат: Книга
KOHA link:https://koha.lib.tpu.ru/cgi-bin/koha/opac-detail.pl?biblionumber=536568

MARC

LEADER 00000nam2a2200000 4500
001 536568
005 20231101113740.0
035 |a (RuTPU)RU\TPU\prd\225802 
090 |a 536568 
100 |a 20141117a18699999k y0rusy50 ca 
101 0 |a rus 
102 |a RU 
200 0 |a Т. 84, вып. 9 
210 |d 2014 
461 1 |0 (RuTPU)RU\TPU\prd\161  |t Журнал общей химии  |f Российская академия наук (РАН) ; Отделение химии и наук о материалах РАН  |v Т. 84, вып. 9  |d 1931- 
801 0 |a RU  |b 63413507  |c 20010227  |g PSBO 
801 1 |a RU  |b 63413507  |c 20141117 
801 2 |a RU  |b 63413507  |c 20230410  |g RCR 
942 |c BK 
999 |a НТБ_ТПУ  |b НФ  |e -1/20140109  |p П-770  |s 3/20140704  |u 0,00  |v 1